A neglected grace : (Record no. 9868)

MARC details
000 -LEADER
fixed length control field 00607nam a22002057a 4500
003 - CONTROL NUMBER IDENTIFIER
control field GBCCL
005 - DATE AND TIME OF LATEST TRANSACTION
control field 20241126110720.0
008 - FIXED-LENGTH DATA ELEMENTS--GENERAL INFORMATION
fixed length control field 230808b ||||| |||| 00| 0 eng d
020 ## - INTERNATIONAL STANDARD BOOK NUMBER
International Standard Book Number 9781781912034,
020 ## - INTERNATIONAL STANDARD BOOK NUMBER
International Standard Book Number 1781912033
040 ## - CATALOGING SOURCE
Transcribing agency gbc
082 ## - DEWEY DECIMAL CLASSIFICATION NUMBER
Classification number 249
Item number HEL
100 ## - MAIN ENTRY--PERSONAL NAME
Personal name Helopoulos, Jason
9 (RLIN) 16666
245 ## - TITLE STATEMENT
Title A neglected grace :
Remainder of title family worship in the Christian home /
Statement of responsibility, etc. Jason Helopoulos
260 ## - PUBLICATION, DISTRIBUTION, ETC.
Place of publication, distribution, etc. Fearn, Ross-shire, Scotland,
Name of publisher, distributor, etc. Christian Focus,
Date of publication, distribution, etc. 2013
300 ## - PHYSICAL DESCRIPTION
Extent 126 pages ;
Dimensions 20 cm.
650 ## - SUBJECT ADDED ENTRY--TOPICAL TERM
Topical term or geographic name entry element Families Religious life
9 (RLIN) 17166
650 ## - SUBJECT ADDED ENTRY--TOPICAL TERM
Topical term or geographic name entry element Worship
9 (RLIN) 444
942 ## - ADDED ENTRY ELEMENTS (KOHA)
Source of classification or shelving scheme Dewey Decimal Classification
Koha item type Books
Koha issues (borrowed), all copies 2
Holdings
Withdrawn status Lost status Source of classification or shelving scheme Damaged status Not for loan Home library Current Library Shelving location Date acquired Total checkouts Full call number Barcode Date last seen Date last checked out Copy number Price effective from Koha item type
    Dewey Decimal Classification     GRACE BIBLE COLLEGE GRACE BIBLE COLLEGE Ministry & Mission 2023-08-08 2 249 HEL 016278 2025-05-01 2024-08-19 c.1 2023-08-08 Books
© Grace Bible College Library 2025